000 00666nas a2200229 4500
001 BR2012006727
003 BR-BrBNA
005 20231205121127.0
007 ta
008 230509b bl.|||p| |||| 00| 00por d
040 _aBR-BrBNA
_bpor
_cBiblioteca Nacional de Agricultura
041 _a(Pt)
072 _aE21; E20
100 1 _aGuarany, C.L.
245 1 _aTocantins; última fronteira agrícola brasileira
650 _aAGROINDÚSTRIA
650 _aGESTÃO
650 _aPRODUTO AGRÍCOLA
773 0 _tAgroanalysis (Brazil)
_xISSN 0100-4298
_g(Apr 2012), v. 32(4) p. 28
_wBR2012006727
909 _a202311
_bLúcia
_c55
_dLúcia Elande
942 _2AGRIS
_n0
_cANA
999 _c221954
_d221954